[Event "RUS-ch Seniors"]
[Site "Lesnoj Gorodok"]
[Date "2009.10.11"]
[Round "9"]
[White "Romanov, Mikhail"]
[Black "Arzhenkov, Gennady"]
[Result "0-1"]
[WhiteElo "2183"]
[BlackElo "2370"]
[PlyCount "90"]
[EventDate "2009.10.03"]
[EventType "swiss"]
[EventRounds "9"]
[EventCountry "RUS"]
[SourceTitle "CBM 132 Extra"]
[Source "ChessBase"]
[SourceDate "2009.11.03"]
[SourceVersion "1"]
[SourceVersionDate "2009.11.03"]
[SourceQuality "1"]

1. e4 c5 2. Nc3 g6 3. g3 Bg7 4. Bg2 Nc6 5. d3 Rb8 6. f4 b5 7. Nf3 d6 8. 0-0 Nf6 9. h3 0-0 10. g4 a5 11. Be3 b4 12. Ne2 a4 13. Rb1 Ba6 14. Qd2 Qc7 15. b3 Ra8 16. f5 Rfd8 17. Nf4 Bb7 18. g5 Nd7 19. Nd5 Qa5 20. Nh2 e6 21. fxe6 fxe6 22. Nf6+ Bxf6 23. gxf6 Rf8 24. Bg5 Nce5 25. Rf2 axb3 26. axb3 Qa2 27. Rbf1 Rf7 28. h4 Qb2 29. Bh3 Nf8 30. Be3 Qc3 31. Qe2 Ra2 32. Ng4 Nxg4 33. Bxg4 c4 34. bxc4 b3 35. Qd2 Rxc2 36. Qxc3 Rxc3 37. Bh6 Rxd3 38. Bxf8 Rg3+ 39. Kh2 Rxg4 40. Bxd6 Rxh4+ 41. Kg3 Rxe4 42. c5 h5 43. Rc1 Bc6 44. Rc3 Rg4+ 45. Kh3 Rb4 0-1

[Event "RUS-ch Seniors"]
[Site "Lesnoj Gorodok"]
[Date "2009.10.09"]
[Round "7"]
[White "Romanov, Mikhail"]
[Black "Goncharov, Ivan I"]
[Result "1/2-1/2"]
[WhiteElo "2183"]
[BlackElo "2254"]
[PlyCount "37"]
[EventDate "2009.10.03"]
[EventType "swiss"]
[EventRounds "9"]
[EventCountry "RUS"]
[SourceTitle "CBM 132 Extra"]
[Source "ChessBase"]
[SourceDate "2009.11.03"]
[SourceVersion "1"]
[SourceVersionDate "2009.11.03"]
[SourceQuality "1"]

1. d4 Nf6 2. c4 e5 3. dxe5 Ng4 4. e4 Nxe5 5. f4 Nec6 6. Nf3 Bc5 7. Nc3 0-0 8. a3 a5 9. Be2 Re8 10. Qd5 d6 11. Bd2 Be6 12. Qh5 Nd4 13. Nxd4 Bxd4 14. 0-0-0 c6 15. g4 Na6 16. f5 g6 17. Qh6 Bg7 18. Qf4 Be5 19. Qh6 1/2-1/2

[Event "RUS-ch Seniors"]
[Site "Odintsovo"]
[Date "2008.10.07"]
[Round "5"]
[White "Zhulanov, Viktor"]
[Black "Romanov, Mikhail"]
[Result "1/2-1/2"]
[WhiteElo "2296"]
[BlackElo "2182"]
[PlyCount "90"]
[EventDate "2008.10.02"]
[EventType "swiss"]
[EventRounds "9"]
[EventCountry "RUS"]
[SourceTitle "CBM 127 Extra"]
[Source "ChessBase"]
[SourceDate "2009.01.08"]
[SourceVersion "2"]
[SourceVersionDate "2009.01.28"]
[SourceQuality "1"]

1. Nf3 Nf6 2. c4 g6 3. Nc3 Bg7 4. d4 0-0 5. e4 d6 6. Be2 c6 7. 0-0 Nbd7 8. e5 dxe5 9. dxe5 Ne8 10. e6 fxe6 11. Ng5 Nc7 12. Bg4 Nf6 13. Bh3 Qxd1 14. Rxd1 e5 15. Bxc8 Raxc8 16. Be3 b6 17. a4 Ng4 18. Rd7 Nxe3 19. fxe3 Bf6 20. Nge4 a6 21. Kf2 Rfd8 22. Rad1 Rxd7 23. Rxd7 b5 24. b3 bxc4 25. bxc4 h5 26. Nc5 Kh7 27. Kf3 Kh6 28. Ke4 a5 29. Kd3 g5 30. N3e4 Kg6 31. h3 Kf5 32. Nb7 Ne6 33. Nxa5 Ra8 34. Nxc6 Rxa4 35. Nxe7+ Bxe7 36. Rxe7 Ra3+ 37. Nc3 Nc5+ 38. Kc2 Ne4 39. Nd1 Ra2+ 40. Nb2 Ra3 41. g4+ hxg4 42. hxg4+ Kf6 43. Re8 Rc3+ 44. Kb1 Rxe3 45. Rc8 Rg3 1/2-1/2

[Event "RUS-ch Seniors"]
[Site "Odintsovo"]
[Date "2008.10.04"]
[Round "3"]
[White "Kuznetsov, Boris"]
[Black "Romanov, Mikhail"]
[Result "0-1"]
[WhiteElo "2074"]
[BlackElo "2182"]
[PlyCount "94"]
[EventDate "2008.10.02"]
[EventType "swiss"]
[EventRounds "9"]
[EventCountry "RUS"]
[SourceTitle "CBM 127 Extra"]
[Source "ChessBase"]
[SourceDate "2009.01.08"]
[SourceVersion "2"]
[SourceVersionDate "2009.01.28"]
[SourceQuality "1"]

1. e4 e5 2. Nf3 Nc6 3. Bb5 a6 4. Ba4 f5 5. d3 Nf6 6. exf5 d6 7. Nc3 Bxf5 8. Bg5 Be7 9. Bxf6 Bxf6 10. Nd5 0-0 11. Bb3 Kh8 12. Ne3 Bg6 13. Bd5 Bh5 14. c3 Ne7 15. Be6 Bxf3 16. gxf3 d5 17. Qb3 d4 18. cxd4 exd4 19. Ng2 Bg5 20. h4 Bh6 21. Bg4 Ng6 22. h5 Ne5 23. 0-0 Nxf3+ 24. Bxf3 Rxf3 25. Qxb7 Rf5 26. Rfe1 Rb8 27. Qc6 Rxh5 28. Re2 Rf5 29. Rae1 Rf8 30. Qxa6 Bg5 31. Qe6 h6 32. a4 Rb6 33. Qc4 Rbf6 34. a5 Qd6 35. Re6 Qd8 36. Rxf6 Qxf6 37. Re2 Qf3 38. Qc2 h5 39. Re4 c5 40. b3 Kh7 41. Re5 Bf6 42. Rxc5 h4 43. Ne1 Qg4+ 44. Kh2 Re8 45. Qc1 h3 46. f3 Re2+ 47. Kh1 Rxe1+ 0-1

[Event "Sukhumi op"]
[Site "Sukhumi"]
[Date "2008.08.03"]
[Round "1"]
[White "Romanov, Mikhail"]
[Black "Looshnikov, Nikolai"]
[Result "0-1"]
[WhiteElo "2182"]
[BlackElo "2462"]
[PlyCount "112"]
[EventDate "2008.08.03"]
[EventType "swiss"]
[EventRounds "9"]
[EventCountry "GEO"]
[SourceTitle "CBM 126 Extra"]
[Source "ChessBase"]
[SourceDate "2008.11.05"]
[SourceVersion "1"]
[SourceVersionDate "2008.11.05"]
[SourceQuality "1"]

1. e4 d6 2. d4 Nf6 3. Nc3 c6 4. f4 Qa5 5. Bd2 e5 6. dxe5 dxe5 7. fxe5 Ng4 8. Be2 Nxe5 9. Nf3 Nbd7 10. Nd5 Qd8 11. Nf4 Nxf3+ 12. Bxf3 Ne5 13. Qe2 Qh4+ 14. g3 Nxf3+ 15. Qxf3 Qg4 16. Qe3 Be7 17. h3 Qg5 18. 0-0-0 0-0 19. Bc3 Re8 20. Qf3 a5 21. Kb1 Bf8 22. Rhf1 Qe7 23. Rde1 b5 24. g4 b4 25. Bd4 Ba6 26. Rf2 Rad8 27. Bb6 Rb8 28. Bd4 Rbd8 29. Bb6 Rd7 30. e5 Bc4 31. b3 Bd5 32. Qe3 a4 33. Nd3 axb3 34. cxb3 Qe6 35. Nf4 Qe7 36. Nd3 Be6 37. Bc5 Rxd3 38. Bxe7 Rxe3 39. Rxe3 Bxe7 40. Rc2 Bd5 41. Kb2 Bf6 42. Rce2 Bg5 43. Rd3 Bf4 44. Rd4 Rxe5 45. Rc2 g5 46. Rxb4 Re3 47. Rb7 Be5+ 48. Ka3 Rxh3 49. Kb4 c5+ 50. Rxc5 Bd6 51. Rd7 Bxc5+ 52. Kxc5 Be6 53. Rd4 h5 54. gxh5 g4 55. Rd2 g3 56. b4 Rh2 0-1

[Event "Soukhumi op"]
[Site "Soukhumi"]
[Date "2007.08.04"]
[Round "2"]
[White "Vastrukhin, Oleg"]
[Black "Romanov, Mikhail"]
[Result "1-0"]
[WhiteElo "2293"]
[BlackElo "2165"]
[PlyCount "59"]
[EventDate "2007.08.03"]
[EventType "swiss"]
[EventRounds "9"]
[EventCountry "RUS"]
[SourceTitle "EXT 2009"]
[Source "ChessBase"]
[SourceDate "2008.11.26"]
[SourceVersion "1"]
[SourceVersionDate "2008.11.26"]
[SourceQuality "1"]

1. d4 Nf6 2. Nf3 g6 3. Nc3 Bg7 4. e4 d6 5. Bd3 0-0 6. Bg5 c6 7. Qd2 Re8 8. h4 Nbd7 9. 0-0-0 e5 10. dxe5 dxe5 11. h5 Nc5 12. hxg6 Nxd3+ 13. Qxd3 Qxd3 14. gxf7+ Kxf7 15. Rxd3 Kg8 16. Nh4 Be6 17. Nf5 Bxf5 18. exf5 Rf8 19. Bxf6 Rxf6 20. g4 Bh6+ 21. Kd1 Bf4 22. Rd7 h6 23. Ke2 Rf7 24. Rhd1 Raf8 25. Ne4 b6 26. R1d6 c5 27. Rg6+ Kh8 28. Rxf7 Rxf7 29. Nf6 Rf8 30. Nd5 1-0

[Event "Soukhumi op"]
[Site "Soukhumi"]
[Date "2007.08.03"]
[Round "1"]
[White "Romanov, Mikhail"]
[Black "Shutukov, Sergey Vladimirovic"]
[Result "0-1"]
[WhiteElo "2165"]
[BlackElo "2327"]
[PlyCount "63"]
[EventDate "2007.08.03"]
[EventType "swiss"]
[EventRounds "9"]
[EventCountry "RUS"]
[SourceTitle "EXT 2009"]
[Source "ChessBase"]
[SourceDate "2008.11.26"]
[SourceVersion "1"]
[SourceVersionDate "2008.11.26"]
[SourceQuality "1"]

1. e4 c5 2. Nc3 Nc6 3. g3 g6 4. Bg2 Bg7 5. d3 d6 6. f4 e5 7. Nf3 exf4 8. Bxf4 Nge7 9. 0-0 0-0 10. Qd2 Bg4 11. h3 Bxf3 12. Bxf3 Nd4 13. Bg2 b5 14. Rab1 b4 15. Ne2 Rb8 16. Nxd4 cxd4 17. h4 Nc6 18. Bh6 Bxh6 19. Qxh6 Ne5 20. Bh3 Qe7 21. Rf2 a5 22. Rbf1 f6 23. Kg2 Rbe8 24. Qd2 d5 25. Rf4 dxe4 26. Rxe4 f5 27. Ref4 Qc5 28. Qf2 Nc6 29. g4 fxg4 30. Bxg4 Rxf4 31. Qxf4 Ne5 32. Kg3 0-1

[Event "RUS-ch Seniors"]
[Site "Zvenigorod"]
[Date "2005.12.03"]
[Round "5"]
[White "Romanov, Mikhail"]
[Black "Leonidov, Vitaly F"]
[Result "1/2-1/2"]
[WhiteElo "2163"]
[BlackElo "2391"]
[PlyCount "95"]
[EventDate "2005.11.28"]
[EventType "swiss"]
[EventRounds "7"]
[EventCountry "RUS"]
[SourceTitle "EXT 2007"]
[Source "ChessBase"]
[SourceDate "2006.11.23"]
[SourceVersion "1"]
[SourceVersionDate "2006.11.23"]
[SourceQuality "1"]

1. e4 e5 2. Nf3 Nc6 3. Nc3 Nf6 4. Bb5 Bb4 5. 0-0 0-0 6. d3 d6 7. Bg5 Bxc3 8. bxc3 Bd7 9. Re1 Qe7 10. d4 Rad8 11. d5 Nb8 12. Bxd7 Nbxd7 13. Nh4 Rfe8 14. Nf5 Qf8 15. Qf3 Kh8 16. Re3 Rc8 17. Qh3 c6 18. dxc6 Rxc6 19. Rd1 Re6 20. Qh4 Rc4 21. Rde1 Ng8 22. Rh3 h6 23. g4 Rg6 24. Bd2 d5 25. Kh1 Ndf6 26. f3 dxe4 27. g5 e3 28. Qxc4 exd2 29. Rd1 Rxg5 30. Ng3 Qa3 31. Qd3 Qxa2 32. Qxd2 Rg6 33. Rh4 Qe6 34. Qd6 Nh5 35. Qxe6 Nxg3+ 36. hxg3 Rxe6 37. Rc4 Re7 38. Rd8 Kh7 39. Rdc8 Rd7 40. R8c7 Rd1+ 41. Kg2 Rd2+ 42. Kf1 Nf6 43. Rxb7 Nd5 44. Ra4 Rxc2 45. Rxf7 Ne3+ 46. Ke1 Ng2+ 47. Kf1 Ne3+ 48. Ke1 1/2-1/2

[Event "RUS-ch Seniors"]
[Site "Tula"]
[Date "2004.05.12"]
[Round "3"]
[White "Romanov, Mikhail"]
[Black "Meshalkin, Yury P"]
[Result "0-1"]
[WhiteElo "2177"]
[BlackElo "2288"]
[PlyCount "70"]
[EventDate "2004.05.??"]
[EventType "swiss"]
[EventRounds "9"]
[EventCountry "RUS"]
[SourceTitle "EXT 2005"]
[Source "ChessBase"]
[SourceDate "2004.11.15"]
[SourceVersion "1"]
[SourceVersionDate "2004.11.15"]
[SourceQuality "1"]

1. e4 c5 2. Nc3 Nc6 3. g3 a6 4. Bg2 b5 5. d3 Bb7 6. f4 b4 7. Nce2 e6 8. Nf3 d5 9. e5 Nge7 10. 0-0 h5 11. Nh4 g6 12. c3 Nf5 13. Nxf5 gxf5 14. d4 cxd4 15. cxd4 Qb6 16. Be3 Rc8 17. b3 h4 18. Qd2 Be7 19. Rac1 Kd7 20. Rc2 Na7 21. Rfc1 hxg3 22. hxg3 Rxc2 23. Rxc2 Nb5 24. Bf2 Na3 25. Rc1 a5 26. Bf3 Ba6 27. Kg2 Bb5 28. g4 fxg4 29. Bxg4 Rg8 30. Kf3 Qa6 31. Ng3 Bd3 32. Bh3 Nb1 33. Qe1 Nc3 34. f5 Be4+ 35. Nxe4 Qd3+ 0-1